<?xml version="1.0" encoding="UTF-8"?><?xml-stylesheet type="text/xsl" href="static/style.xsl"?><OAI-PMH xmlns="http://www.openarchives.org/OAI/2.0/" xmlns:xsi="http://www.w3.org/2001/XMLSchema-instance" xsi:schemaLocation="http://www.openarchives.org/OAI/2.0/ http://www.openarchives.org/OAI/2.0/OAI-PMH.xsd"><responseDate>2026-04-13T16:54:51Z</responseDate><request verb="GetRecord" identifier="oai:www.recercat.cat:2117/89963" metadataPrefix="marc">https://recercat.cat/oai/request</request><GetRecord><record><header><identifier>oai:recercat.cat:2117/89963</identifier><datestamp>2025-07-23T01:19:07Z</datestamp><setSpec>com_2072_1033</setSpec><setSpec>col_2072_452951</setSpec></header><metadata><record xmlns="http://www.loc.gov/MARC21/slim" xmlns:dcterms="http://purl.org/dc/terms/" xmlns:xsi="http://www.w3.org/2001/XMLSchema-instance" xmlns:doc="http://www.lyncode.com/xoai" xsi:schemaLocation="http://www.loc.gov/MARC21/slim http://www.loc.gov/standards/marcxml/schema/MARC21slim.xsd">
   <leader>00925njm 22002777a 4500</leader>
   <datafield ind2=" " ind1=" " tag="042">
      <subfield code="a">dc</subfield>
   </datafield>
   <datafield ind2=" " ind1=" " tag="720">
      <subfield code="a">Escuder Folch, Carles</subfield>
      <subfield code="e">author</subfield>
   </datafield>
   <datafield ind2=" " ind1=" " tag="260">
      <subfield code="c">2016-06</subfield>
   </datafield>
   <datafield ind2=" " ind1=" " tag="520">
      <subfield code="a">Nyquist Modulation vs OFDM for Fiber-optic Communications</subfield>
   </datafield>
   <datafield ind2=" " ind1=" " tag="520">
      <subfield code="a">In nowadays society, the need of fast, reliable communications is growing faster and faster each day. For this reason, there is the need of improving the current communications systems in terms of speed (faster data transmission) and spectral efficiency. This thesis focus on the study of the Nyquist modulation. This modulation is based on the use of Nyquist pulses conveniently allocated in time in order to make them orthogonal. Due to this fact, in the frequency domain, these pulses are perfectly situated in a finite frequency band. In other words, Nyquist modulation is an Orthogonal Time Division Multiplexing (OTDM) in which the use of Nyquist pulses guarantee that they can perfectly occupy a limited bandwidth in the frequency domain. The main objective of this thesis is to get results for both an intensity Nyquist modulation and QAM Nyquist modulation and make comparisons between them and with a simple QAM modulation.</subfield>
   </datafield>
   <datafield ind2=" " ind1=" " tag="520">
      <subfield code="a">En la Sociedad actual, la necesidad de comunicaciones rápidas y fiables está creciendo muy rápidamente. Por esta razón, existe la necesidad de mejorar las comunicaciones actuales en términos de velocidad y eficiencia espectral. Esta tesis se basa en el estudio de la modulación de Nyquist. Esta modulación consiste en el estudio de pulsos de Nyquist convenientemente separados en el tiempo con el objetivo de hacer que sean ortogonales entre ellos. Al conseguir colocar los pulsos de esta manera, conseguimos que en el dominio frecuencial estos estén perfectamente distribuidos ocupando una banda frecuencial limitada. En otras palabras, la modulación de Nyquist es una OTDM (Orthogonal TIme DIvisión Multiplexing) donde la utilización de pulsos de Nyquist consigue que puedan distribuirse perfectamente en un ancho de banda limitado. El objetivo principal de esta tesis es conseguir resultados para una modulación de intensidad Nyquist y una modulación QAM utilizando Nyquist y poder compararlos entre si y con una modulación QAM simple.</subfield>
   </datafield>
   <datafield ind2=" " ind1=" " tag="520">
      <subfield code="a">A la societat actual, la necessitat de comunicacions ràpides i fiables esta creixent molt ràpidament. Per aquesta raó, existeix la necessitat de millorar les comunicacions actuals en termes de velocitat i eficiència espectral. Aquesta tesis es basa en l?estudi de la modulació de Nyquist. Aquesta modulació consisteix en la utilització de polsos de Nyquist convenientment situats en el temps amb l?objectiu de fer que siguin ortogonals entre ells. Al aconseguir col·locar els polsos d?aquesta manera, aconseguim que aquests estiguin perfectament distribuïts ocupant una banda de freqüència limitada. En altres paraules, La modulació de Nyquist és una OTDM ( Orthogonal Time DIvisión Multiplexing) on la utilització de polsos de Nyquist garanteix que puguin distribuir-se perfectament en un ample de banda limitat. L?objectiu principal d?aquesta tesis és aconseguir resultats per una modulació d?intensitat utilitzant Nyquist i per una modulació QAM utilitzant Nyquist i poder comparar-les entre elles i amb una modulació QAM simple.</subfield>
   </datafield>
   <datafield tag="653" ind2=" " ind1=" ">
      <subfield code="a">Àrees temàtiques de la UPC::Enginyeria de la telecomunicació</subfield>
   </datafield>
   <datafield tag="653" ind2=" " ind1=" ">
      <subfield code="a">Multiplexing</subfield>
   </datafield>
   <datafield tag="653" ind2=" " ind1=" ">
      <subfield code="a">Optical communications</subfield>
   </datafield>
   <datafield tag="653" ind2=" " ind1=" ">
      <subfield code="a">Computer simulation</subfield>
   </datafield>
   <datafield tag="653" ind2=" " ind1=" ">
      <subfield code="a">phase modulation</subfield>
   </datafield>
   <datafield tag="653" ind2=" " ind1=" ">
      <subfield code="a">Multiplexing</subfield>
   </datafield>
   <datafield tag="653" ind2=" " ind1=" ">
      <subfield code="a">Simulations using a PC</subfield>
   </datafield>
   <datafield tag="653" ind2=" " ind1=" ">
      <subfield code="a">optical systems</subfield>
   </datafield>
   <datafield tag="653" ind2=" " ind1=" ">
      <subfield code="a">optical telecomunications networks</subfield>
   </datafield>
   <datafield tag="653" ind2=" " ind1=" ">
      <subfield code="a">Modulación de fase</subfield>
   </datafield>
   <datafield tag="653" ind2=" " ind1=" ">
      <subfield code="a">Multiplexado</subfield>
   </datafield>
   <datafield tag="653" ind2=" " ind1=" ">
      <subfield code="a">Simulaciones por ordenador</subfield>
   </datafield>
   <datafield tag="653" ind2=" " ind1=" ">
      <subfield code="a">sistemas ópticos</subfield>
   </datafield>
   <datafield tag="653" ind2=" " ind1=" ">
      <subfield code="a">redes de telecomunicación ópticas</subfield>
   </datafield>
   <datafield tag="653" ind2=" " ind1=" ">
      <subfield code="a">Modulació de fase -- PFC</subfield>
   </datafield>
   <datafield tag="653" ind2=" " ind1=" ">
      <subfield code="a">Sistemes òptics -- PFC</subfield>
   </datafield>
   <datafield tag="653" ind2=" " ind1=" ">
      <subfield code="a">Xarxes de telecomunicacions òptiques -- PFC</subfield>
   </datafield>
   <datafield tag="653" ind2=" " ind1=" ">
      <subfield code="a">Multiplexatge</subfield>
   </datafield>
   <datafield tag="653" ind2=" " ind1=" ">
      <subfield code="a">Comunicacions òptiques</subfield>
   </datafield>
   <datafield tag="653" ind2=" " ind1=" ">
      <subfield code="a">Simulació per ordinador</subfield>
   </datafield>
   <datafield ind2="0" ind1="0" tag="245">
      <subfield code="a">Nyquist Modulation vs OFDM for Fiber-optic Communications</subfield>
   </datafield>
   <datafield ind2="0" ind1="0" tag="245">
      <subfield code="a">Modulació de Nyquist vs OFDM per comunicacions de fibra òptica</subfield>
   </datafield>
   <datafield ind2="0" ind1="0" tag="245">
      <subfield code="a">Modulación de Nyquist vs OFDM para comunicaciones de fibra óptica</subfield>
   </datafield>
</record></metadata></record></GetRecord></OAI-PMH>